Регионална библиотека "Любен Каравелов" - Русе

Английски език (Запис номер 63707)

MARC детайли
000 -Лидер
Контролно поле с фиксирана дължина 01526nam a2200361 c 4500
003 - Код на организацията, давaща контролен номер
Контролно поле BLK
005 - Дата и час на последна редакция
Контролно поле 20240125123013.0
008 - Елементи от данни с фиксирана дължина
fixed length control field 180408b bul|||||r ||||||| ||bul||
010 ## - Наследен системен номер
LC control number KNG00067965000
020 ## - Международен стандартен номер на книга ISBN
Международен стандартен номер на книга ISBN 954-8805-67-7
-- издат.: Грамма - на том(ч. 2)
040 ## - Източник на каталожния запис
Идентификатор на билиотеката - собственик на записа BLK
041 ## - Код за език
Код за езика на текст/звукозапис или на отделно заглавие Английски
Код за езика КДБФ Английски
080 ## - УДК
Текстов определител УДК Английски език
УДК код - определител по УДК 811.111
УДК определител (075.4)
УДК - код + определител 811.111(075.4)
139 ## - Редно поле
Редна дума Английски език
Авторски знак Ан - А 64
245 10 - Сведения за заглавието
Заглавие Английски език
Подзаглавни данни Самоучител в диалози : Ч. 1 -
Редно поле (дума) авт. на том Надежда Маслева.
Том Ч. 2
246 11 - Различни форми на заглавието
Паралелно заглавие English for Bulgarians
257 ## - Страна на издаване
Страна на създаване/издаване България
260 ## - Област на издателските данни
-- Плевен
Година на издаване 2000 -
Печатница В. Търново : Абагар
300 ## - Физическа характеристика
Размери/Мащаб 22 см
380 ## - Жанр
Жанр Езикознание. Филология
650 #4 - Допълнително описание по предмет – тема
Основно описание – тема или топоним Английски език - учебници за самоподготовка
9 (RLIN) 253258
653 ## - Ключова дума – ненормативна
Ключова дума английски език
653 ## - Ключова дума – ненормативна
Ключова дума самоучители в диалози
653 ## - Ключова дума – ненормативна
Ключова дума учебници за самообразование
700 1# - Други автори (авторска отговорност)
Лично име Маслева, Надежда
Автороска отговорност (Описва отношението между автора и произведението) авт. на том
9 (RLIN) 370304
760 1# - Описание на основната серия
-- - на том(ч. 2)
Място на издаване, издател и година Грамма, 2005
Страници - том 288 с. : с ил.
Съпроводителни материали CD
Забележка - том Прил. със същото загл. и сигн. CD 1043.
Заглавие Ч. 2
852 ## - Местоположение
Форматна сигнатура Цб 203138
856 4# - Електронен адрес и достъп
Електронен формат pdf - файл
Път до файла /url/
856 4# - Електронен адрес и достъп
Електронен формат pdf - файл
Път до файла /url/
942 ## - АРТИКУЛИ
Вид на библиотечния материал Книги
Скрит в OPAC Не
Koha issues (borrowed), all copies 5
944 ## - СЪЗДАВАНЕ И РЕДАКЦИЯ на ЗАПИСА
Създаване/Редакция Създаване
Дата на регистрацията/редакция 18.09.2006
Статус, дата на статуса Теодора Пейчева-Дянкова
Служител, извършил регистрацията/редакцията 30556
944 ## - СЪЗДАВАНЕ И РЕДАКЦИЯ на ЗАПИСА
Създаване/Редакция Редакция
Дата на регистрацията/редакция 11.09.2015
Статус, дата на статуса ф /
Служител, извършил регистрацията/редакцията Людмила_Стоянова
999 ## - СИСТЕМНИ КОНТРОЛНИ НОМЕРА
Koha biblionumber 63707
Koha biblioitemnumber 63707
Наличности
Код за отписване Код за изгубен артикул Източник на класификационната схема Код за повреда Коз за рестрикции Код за отдаване Артикулен № Име на библиотеката - собственик Име на библиотеката, в която се намира в момента Статус (Текущо местоположение) Дата на вписване в системата Местоположение - отдел Цена в лева Инвентарен номер Систематично азбучна сигнатура Баркод Номер на екземпляра Цена в евро Служебна бележка Служебен тип на артикула
  Не е изгубен Universal Decimal Classification Не е повреден без рестрикции заемане за дома 105570 Регионална библиотека "Любен Каравелов" Русе Регионална библиотека "Любен Каравелов" Русе ЧЧЗО - англ. ез. - Британски съвет 2006-09-18 ЧЧЗО - англ. ез. - Британски съвет 8.00 120000705131 Ч3 802.0/М 37 120000705131 1 4.09 Дост: Pk Вид: Ф N: 43449 Дата: 04.09.2006 Дата инв: 17.03.2015 Бележки инв: Ч32015 Книги
  Не е изгубен   Не е повреден без рестрикции заемане за дома 105571 Регионална библиотека "Любен Каравелов" Русе Регионална библиотека "Любен Каравелов" Русе ЧЧЗО - англ. ез. - Британски съвет 2015-09-12 ЧЧЗО - англ. ез. - Британски съвет 9.05 120000792160 Ч3 802.0/А 64 120000792160 2 4.63 Дост: Pk Вид: Ф N: 91 Дата: 10.09.2015 Книги
Vip Innovations Ltd, Rousse, Bulgaria 2025